[Event "Europa ch s-16"]
[Site "Herceg Novi MNE"]
[Date "2008.09.15"]
[Round "1.1"]
[White "Prohaszka, Peter"]
[Black "Dubessay, Bastien"]
[Result "1-0"]
[WhiteElo "2509"]
[BlackElo "2131"]
[PlyCount "63"]
[EventDate "2008.09.15"]
[EventType "swiss"]
[EventRounds "9"]
[Source "lmi"]
[SourceDate "2008.09.15"]

1. d4 Nf6 2. c4 g6 3. Nc3 Bg7 4. e4 d6 5. Be2 O-O 6. Be3 e5 7. Nf3 Ng4 8. Bg5
f6 9. Bh4 g5 10. Bg3 Nh6 11. O-O Nc6 12. d5 Nd4 13. Nxd4 exd4 14. Nb5 f5 15.
exf5 Nxf5 16. Bd3 Nxg3 17. fxg3 Rxf1+ 18. Qxf1 a6 19. Qe2 axb5 20. Qe4 Qf6 21.
Qxh7+ Kf8 22. Rf1 Qxf1+ 23. Kxf1 Rxa2 24. cxb5 Rxb2 25. h4 Bg4 26. h5 Rd2 27.
h6 Rd1+ 28. Kf2 Be5 29. Bg6 Rd2+ 30. Kg1 Rd1+ 31. Kh2 Rf1 32. Qxc7 1-0

[Event "Europa ch s-16"]
[Site "Herceg Novi MNE"]
[Date "2008.09.15"]
[Round "1.2"]
[White "Witek, Tomasz"]
[Black "Ter-Sahakyan, Samvel"]
[Result "0-1"]
[WhiteElo "2125"]
[BlackElo "2480"]
[PlyCount "70"]
[EventDate "2008.09.15"]
[EventType "swiss"]
[EventRounds "9"]
[Source "lmi"]
[SourceDate "2008.09.15"]

1. d4 Nf6 2. c4 e6 3. Nc3 d5 4. cxd5 exd5 5. Bg5 c6 6. Qc2 Be7 7. e3 Bg4 8. Bd3
Bh5 9. Nge2 Bg6 10. f3 Bxd3 11. Qxd3 O-O 12. O-O Nbd7 13. Ng3 h6 14. Bf4 Re8
15. Nf5 Nh5 16. Bd6 Bxd6 17. Nxd6 Re6 18. Nf5 Nhf6 19. e4 Qb6 20. Kh1 g6 21.
Nxh6+ Kg7 22. Ng4 dxe4 23. Nxe4 Rae8 24. Ngxf6 Nxf6 25. Nxf6 Rxf6 26. Rae1 Rxe1
27. Rxe1 Qxb2 28. h3 Qxa2 29. Re7 Re6 30. Rxb7 Re1+ 31. Kh2 Re2 32. Kg3 Rxg2+
33. Kf4 g5+ 34. Ke3 Qf2+ 35. Ke4 Qh4+ 0-1

[Event "Europa ch s-16"]
[Site "Herceg Novi MNE"]
[Date "2008.09.15"]
[Round "1.3"]
[White "Heimann, Andreas"]
[Black "Martin Fuentes, Alberto"]
[Result "1-0"]
[WhiteElo "2433"]
[BlackElo "2124"]
[PlyCount "79"]
[EventDate "2008.09.15"]
[EventType "swiss"]
[EventRounds "9"]
[Source "lmi"]
[SourceDate "2008.09.15"]

1. e4 e6 2. d4 d5 3. Nc3 Bb4 4. e5 c5 5. a3 Ba5 6. b4 cxd4 7. Nb5 Bc7 8. f4 Ne7
9. Nf3 Bd7 10. Nxc7+ Qxc7 11. Bd3 g6 12. Bb2 Nf5 13. Qe2 Nc6 14. g4 Ne3 15.
Nxd4 Nxd4 16. Bxd4 Nc4 17. a4 b6 18. O-O h5 19. g5 a5 20. b5 Rb8 21. Rab1 O-O
22. Rf3 Qd8 23. Rh3 Kg7 24. Kh1 Rg8 25. f5 gxf5 26. Rg1 Kf8 27. Qxh5 Be8 28.
Rg2 Rc8 29. Qh7 Rg6 30. Qh8+ Ke7 31. Rh7 Qc7 32. Be2 Bxb5 33. Rxf7+ Kxf7 34.
Qh7+ Kf8 35. Qxg6 Be8 36. Qxe6 Qd7 37. Qf6+ Qf7 38. e6 Qxf6 39. gxf6 Rc6 40.
e7+ 1-0

[Event "Europa ch s-16"]
[Site "Herceg Novi MNE"]
[Date "2008.09.15"]
[Round "1.4"]
[White "Freidzon, Dani"]
[Black "Nyzhnyk, Illya"]
[Result "0-1"]
[WhiteElo "2115"]
[BlackElo "2428"]
[PlyCount "80"]
[EventDate "2008.09.15"]
[EventType "swiss"]
[EventRounds "9"]
[Source "lmi"]
[SourceDate "2008.09.15"]

1. e4 c5 2. Nf3 Nc6 3. d4 cxd4 4. Nxd4 Qb6 5. Nb3 Nf6 6. Nc3 e6 7. Bd3 d6 8.
O-O Be7 9. Be3 Qc7 10. f4 a6 11. Kh1 b5 12. a3 Bb7 13. Qf3 h5 14. Rae1 Rc8 15.
Qe2 h4 16. Kg1 h3 17. g4 Rh4 18. g5 Ng4 19. Bf2 Nxf2 20. Qxf2 Rh8 21. Qe2 g6
22. Qe3 Na5 23. Nxa5 Qxa5 24. b4 Qd8 25. Rf3 Rh4 26. Ne2 d5 27. Ng3 dxe4 28.
Bxe4 Bxe4 29. Nxe4 Rxc2 30. Rxh3 Rxh3 31. Qxh3 Qd4+ 32. Qe3 Qb2 33. Qg3 Bd8 34.
Kh1 Re2 35. Nd6+ Kf8 36. Rd1 Qc2 37. Rf1 Bc7 38. Nb7 Qc4 39. Qh3 Ke7 40. Nc5
Bxf4 0-1

[Event "Europa ch s-16"]
[Site "Herceg Novi MNE"]
[Date "2008.09.15"]
[Round "1.5"]
[White "Bregadze, Levan"]
[Black "Arvola, Benjamin"]
[Result "1-0"]
[WhiteElo "2399"]
[BlackElo "2105"]
[PlyCount "47"]
[EventDate "2008.09.15"]
[EventType "swiss"]
[EventRounds "9"]
[Source "lmi"]
[SourceDate "2008.09.15"]

1. d4 e6 2. c4 f5 3. g3 Nf6 4. Bg2 c6 5. Nh3 d6 6. O-O Be7 7. Nc3 Nbd7 8. d5
cxd5 9. cxd5 e5 10. Ng5 Nb6 11. a4 a5 12. Qb3 e4 13. Be3 Nfxd5 14. Nxd5 Nxd5
15. Qxd5 Bxg5 16. Bxg5 Qxg5 17. Bxe4 Qf6 18. Bd3 Qxb2 19. Qxd6 Qb4 20. Bb5+ Kf7
21. Qd5+ Kf6 22. Bc4 Qe7 23. Rab1 g6 24. Qd4+ 1-0

[Event "Europa ch s-16"]
[Site "Herceg Novi MNE"]
[Date "2008.09.15"]
[Round "1.7"]
[White "Rombaldoni, Axel"]
[Black "Ketzetzis, Georgios"]
[Result "0-1"]
[WhiteElo "2374"]
[BlackElo "2099"]
[PlyCount "52"]
[EventDate "2008.09.15"]
[EventType "swiss"]
[EventRounds "9"]
[Source "lmi"]
[SourceDate "2008.09.15"]

1. e4 c5 2. Nf3 Nc6 3. d4 cxd4 4. Nxd4 Nf6 5. Nc3 e5 6. Ndb5 d6 7. Nd5 Nxd5 8.
exd5 Nb8 9. c4 Be7 10. Be2 O-O 11. O-O a6 12. Nc3 Nd7 13. f3 f5 14. Be3 Bg5 15.
Bf2 a5 16. a3 Nc5 17. b4 axb4 18. axb4 Rxa1 19. Qxa1 Nb3 20. Qb2 Nd2 21. Rd1 e4
22. fxe4 fxe4 23. Bg3 Qf6 24. Na4 Be3+ 25. Kh1 Nf1 26. Bxd6 Qf2 0-1

[Event "Europa ch s-16"]
[Site "Herceg Novi MNE"]
[Date "2008.09.15"]
[Round "1.9"]
[White "Grandelius, Nils"]
[Black "Mocanu, Sergiu"]
[Result "1-0"]
[WhiteElo "2366"]
[BlackElo "2093"]
[PlyCount "55"]
[EventDate "2008.09.15"]
[EventType "swiss"]
[EventRounds "9"]
[Source "lmi"]
[SourceDate "2008.09.15"]

1. e4 c6 2. d4 d5 3. Nc3 g6 4. h3 Bg7 5. Nf3 dxe4 6. Nxe4 Nd7 7. Bd3 Ngf6 8.
Qe2 Nxe4 9. Qxe4 Nf6 10. Qh4 Bf5 11. Bxf5 Qa5+ 12. c3 Qxf5 13. O-O h6 14. Re1
g5 15. Qg3 e6 16. Qc7 Qb5 17. Rxe6+ fxe6 18. Qxg7 Rh7 19. Qxf6 Qf5 20. Qxf5
exf5 21. Bd2 Rd8 22. Re1+ Re7 23. Rxe7+ Kxe7 24. h4 g4 25. Bxh6 Ke6 26. Nd2 Kd5
27. Be3 b5 28. h5 1-0

[Event "Europa ch s-16"]
[Site "Herceg Novi MNE"]
[Date "2008.09.15"]
[Round "1.11"]
[White "Kanarek, Marcel"]
[Black "Silva, Miguel Alexandre Go"]
[Result "1-0"]
[WhiteElo "2349"]
[BlackElo "2074"]
[PlyCount "45"]
[EventDate "2008.09.15"]
[EventType "swiss"]
[EventRounds "9"]
[Source "lmi"]
[SourceDate "2008.09.15"]

1. e4 c5 2. Nf3 d6 3. d4 cxd4 4. Nxd4 Nf6 5. Nc3 g6 6. Be3 Bg7 7. f3 O-O 8. Bc4
Nc6 9. Qd2 Bd7 10. O-O-O Qa5 11. Kb1 Rfc8 12. Bb3 Ne5 13. g4 Nc4 14. Bxc4 Rxc4
15. Nb3 Qa6 16. e5 Nxg4 17. fxg4 Bxg4 18. Rdf1 Bxe5 19. Nd5 Kf8 20. Bd4 Rxd4
21. Nxd4 Qa4 22. Qh6+ Ke8 23. Qh4 1-0

[Event "Europa ch s-16"]
[Site "Herceg Novi MNE"]
[Date "2008.09.15"]
[Round "1.14"]
[White "Setkauskas, Vaidas"]
[Black "Sivuk, Vitaly"]
[Result "0-1"]
[WhiteElo "2064"]
[BlackElo "2324"]
[PlyCount "56"]
[EventDate "2008.09.15"]
[EventType "swiss"]
[EventRounds "9"]
[Source "lmi"]
[SourceDate "2008.09.15"]

1. e4 c5 2. Nf3 d6 3. d4 cxd4 4. Nxd4 Nf6 5. Nc3 Nc6 6. Bg5 Bd7 7. Qd2 Rc8 8.
O-O-O Nxd4 9. Qxd4 Qa5 10. Bd2 g6 11. Bc4 Bg7 12. Bb3 Qc5 13. Be3 a5 14. f3
Qxd4 15. Bxd4 b5 16. a4 bxa4 17. Nxa4 O-O 18. Nb6 Rcd8 19. Bc3 Bc6 20. Bxa5 Rb8
21. Rd3 Bb5 22. Bc4 Rxb6 23. Bxb6 Bxc4 24. Rc3 Be6 25. Bd4 Ra8 26. Kd2 Nxe4+
27. fxe4 Bxd4 28. Rc7 Bxb2 0-1

[Event "Europa ch s-16"]
[Site "Herceg Novi MNE"]
[Date "2008.09.15"]
[Round "1.16"]
[White "Baturina, Andrija"]
[Black "Yaksin, Oleg"]
[Result "0-1"]
[WhiteElo "2060"]
[BlackElo "2307"]
[PlyCount "54"]
[EventDate "2008.09.15"]
[EventType "swiss"]
[EventRounds "9"]
[Source "lmi"]
[SourceDate "2008.09.15"]

1. e4 c5 2. Nf3 d6 3. g3 Nf6 4. Nc3 Nc6 5. Bg2 g6 6. O-O Bg7 7. Re1 O-O 8. d4
Bg4 9. dxc5 dxc5 10. Be3 Qa5 11. h3 Rad8 12. Qc1 Bxf3 13. Bxf3 Nd7 14. Bg2 Nde5
15. Bh6 Nd4 16. Bxg7 Kxg7 17. Qf4 Nc4 18. e5 Nxb2 19. Nd5 Rxd5 20. Bxd5 Nxc2
21. Re4 Nxa1 22. Qg5 Nd3 23. Rh4 Qe1+ 24. Kh2 Qxf2+ 25. Bg2 h5 26. Rxh5 Rh8 27.
Rxh8 Kxh8 0-1

[Event "Europa ch s-16"]
[Site "Herceg Novi MNE"]
[Date "2008.09.15"]
[Round "1.18"]
[White "Subirats Ruiz, Sergi"]
[Black "Valsecchi, Alessio"]
[Result "0-1"]
[WhiteElo "2054"]
[BlackElo "2298"]
[PlyCount "60"]
[EventDate "2008.09.15"]
[EventType "swiss"]
[EventRounds "9"]
[Source "lmi"]
[SourceDate "2008.09.15"]

1. e4 c5 2. Nc3 Nc6 3. Nge2 g6 4. d4 cxd4 5. Nxd4 Bg7 6. Nb3 Nf6 7. g4 d6 8. g5
Nd7 9. f4 h6 10. gxh6 Bf6 11. h4 Rxh6 12. h5 e6 13. Nb5 Bh4+ 14. Ke2 Rxh5 15.
Nxd6+ Kf8 16. Be3 b6 17. Qd3 Qe7 18. c3 Nf6 19. Bh3 Bd7 20. e5 Nd5 21. Bg4 Nxe5
22. fxe5 Rxe5 23. Ne4 Bb5 24. c4 Nxe3 25. Kxe3 Bc6 26. Bf3 Rd8 27. Qc2 Bxe4 28.
Qxe4 Qg5+ 29. Ke2 Rxe4+ 30. Bxe4 Qg4+ 0-1

[Event "Europa ch s-16"]
[Site "Herceg Novi MNE"]
[Date "2008.09.15"]
[Round "1.26"]
[White "Rauw, Gert Jan"]
[Black "Aggelis, Nikolaos"]
[Result "0-1"]
[WhiteElo "2008"]
[BlackElo "2271"]
[PlyCount "70"]
[EventDate "2008.09.15"]
[EventType "swiss"]
[EventRounds "9"]
[Source "lmi"]
[SourceDate "2008.09.15"]

1. e4 e5 2. Nf3 Nc6 3. Bc4 Bc5 4. c3 Nf6 5. d3 d6 6. O-O Bb6 7. Bb3 Ne7 8. Nbd2
Ng6 9. Nc4 O-O 10. Nxb6 axb6 11. Re1 Qe7 12. d4 h6 13. Qe2 Bg4 14. h3 Bd7 15.
Nh2 Rfe8 16. Nf1 exd4 17. cxd4 Qxe4 18. Qxe4 Rxe4 19. Rxe4 Nxe4 20. Be3 Ba4 21.
Bc4 Nf6 22. Rc1 Bc6 23. a3 Ne7 24. Bd2 Nf5 25. d5 Bxd5 26. Bd3 Nd4 27. Rxc7 Bc6
28. Bc4 d5 29. Bd3 Nd7 30. Ne3 Ne6 31. Nxd5 Nxc7 32. Nxc7 Rd8 33. Be3 Nc5 34.
Be2 Rd7 35. Nb5 Nd3 0-1

[Event "Europa ch s-16"]
[Site "Herceg Novi MNE"]
[Date "2008.09.15"]
[Round "1.27"]
[White "Galopoulos, Nikolaos"]
[Black "Piscitelli, Vito"]
[Result "1-0"]
[WhiteElo "2270"]
[BlackElo "2003"]
[PlyCount "79"]
[EventDate "2008.09.15"]
[EventType "swiss"]
[EventRounds "9"]
[Source "lmi"]
[SourceDate "2008.09.15"]

1. d4 d5 2. c4 e6 3. Nc3 Nf6 4. Bg5 Nbd7 5. Nf3 c6 6. cxd5 exd5 7. e3 Be7 8.
Bd3 O-O 9. Qc2 Re8 10. O-O g6 11. Rab1 Nh5 12. Bxe7 Qxe7 13. b4 a6 14. a4 Nb6
15. b5 axb5 16. axb5 c5 17. dxc5 Qxc5 18. Nd4 Bd7 19. Rfc1 Rec8 20. Qd1 Qd6 21.
Rc2 Ng7 22. Rbc1 Ne6 23. Be2 Nc5 24. Bf3 Be6 25. g3 Ncd7 26. e4 Nf6 27. exd5
Bxd5 28. Nxd5 Nfxd5 29. Rxc8+ Rxc8 30. Rxc8+ Nxc8 31. Nf5 gxf5 32. Bxd5 Qd7 33.
Qb3 Nd6 34. b6 Qe7 35. Qc3 h6 36. Kg2 Qe8 37. Qc7 Ne4 38. Qxb7 Nf6 39. Bf3 Kg7
40. Qc7 1-0

[Event "Europa ch s-16"]
[Site "Herceg Novi MNE"]
[Date "2008.09.15"]
[Round "1.29"]
[White "Pavlidis, Antonios"]
[Black "Tordeur, Jonathan"]
[Result "1-0"]
[WhiteElo "2266"]
[BlackElo "1993"]
[PlyCount "55"]
[EventDate "2008.09.15"]
[EventType "swiss"]
[EventRounds "9"]
[Source "lmi"]
[SourceDate "2008.09.15"]

1. e4 c5 2. Nf3 d6 3. d4 cxd4 4. Nxd4 Nf6 5. Nc3 a6 6. Be3 e5 7. Nb3 Be6 8. f4
Ng4 9. Bd2 Qb6 10. Qe2 exf4 11. Bxf4 Nd7 12. Nd5 Bxd5 13. exd5+ Nge5 14. O-O-O
g6 15. g4 Bg7 16. h4 h5 17. gxh5 Rxh5 18. Bh3 O-O-O 19. Kb1 Kb8 20. Rd4 Nc5 21.
Be3 Qc7 22. Rb4 Rhh8 23. Nxc5 dxc5 24. Qxa6 f5 25. Bxc5 Rxd5 26. Bg2 Nc6 27.
Bxd5 Nxb4 28. Qa7+ 1-0

[Event "Europa ch s-16"]
[Site "Herceg Novi MNE"]
[Date "2008.09.15"]
[Round "1.30"]
[White "Seitz, Benjamin"]
[Black "Sinitsin, Roman"]
[Result "0-1"]
[WhiteElo "1988"]
[BlackElo "2258"]
[PlyCount "50"]
[EventDate "2008.09.15"]
[EventType "swiss"]
[EventRounds "9"]
[Source "lmi"]
[SourceDate "2008.09.15"]

1. Nf3 d5 2. d4 Nf6 3. e3 e6 4. Bd3 c5 5. c3 Nbd7 6. Nbd2 Bd6 7. O-O O-O 8. Qe2
Re8 9. e4 e5 10. dxe5 Nxe5 11. Nxe5 Bxe5 12. f4 dxe4 13. Nxe4 Bd4+ 14. cxd4
Nxe4 15. Bxe4 Qxd4+ 16. Qe3 Rxe4 17. Qxd4 cxd4 18. Bd2 Bd7 19. Bb4 f5 20. Rad1
Rc8 21. Rf2 Ba4 22. b3 Bb5 23. Bd6 Be2 24. Re1 d3 25. Bb4 Rxb4 0-1

[Event "Europa ch s-16"]
[Site "Herceg Novi MNE"]
[Date "2008.09.15"]
[Round "1.33"]
[White "Janczarski, Michal"]
[Black "Pedersen, Nicolai Kvist Brond"]
[Result "1-0"]
[WhiteElo "2238"]
[BlackElo "1966"]
[PlyCount "73"]
[EventDate "2008.09.15"]
[EventType "swiss"]
[EventRounds "9"]
[Source "lmi"]
[SourceDate "2008.09.15"]

1. c4 c6 2. Nf3 d5 3. b3 Bf5 4. Bb2 e6 5. d3 Nd7 6. g3 Ngf6 7. Bg2 Be7 8. O-O
O-O 9. Qc2 a5 10. Nc3 Nc5 11. Rad1 Qb6 12. Nh4 Bg4 13. h3 Bh5 14. g4 Nfd7 15.
gxh5 Bxh4 16. d4 Na6 17. e4 Nf6 18. Qe2 Nxe4 19. Nxe4 dxe4 20. Qg4 Bf6 21. Bxe4
Qc7 22. Kh1 c5 23. Rg1 cxd4 24. h6 g6 25. Qf3 Bh8 26. Bxb7 Ra7 27. Bxa6 Rxa6
28. Bxd4 e5 29. Be3 Rd8 30. Rxd8+ Qxd8 31. Rd1 Qc8 32. Kh2 Bf6 33. Qd5 a4 34.
b4 Qb8 35. b5 Re6 36. Ba7 Qc8 37. b6 1-0

[Event "Europa ch s-16"]
[Site "Herceg Novi MNE"]
[Date "2008.09.15"]
[Round "1.39"]
[White "Yilmazyerli, Mert"]
[Black "Vasques, Antonio Pedro Freix"]
[Result "1-0"]
[WhiteElo "2207"]
[BlackElo "1897"]
[PlyCount "55"]
[EventDate "2008.09.15"]
[EventType "swiss"]
[EventRounds "9"]
[Source "lmi"]
[SourceDate "2008.09.15"]

1. e4 c5 2. Nf3 d6 3. Nc3 Nf6 4. d4 cxd4 5. Nxd4 a6 6. f4 e6 7. Qf3 Qc7 8. Bd3
Nbd7 9. Be3 Be7 10. O-O b5 11. a3 Bb7 12. Kh1 Nc5 13. Rae1 O-O 14. Bd2 d5 15.
e5 Nfe4 16. Bxe4 Nxe4 17. Nxe4 dxe4 18. Qg3 Rfd8 19. Be3 Bc5 20. c3 Bd5 21. f5
Bxd4 22. f6 g6 23. Bxd4 Qc6 24. Qg5 Qe8 25. Rf4 Rac8 26. Rh4 Kh8 27. Re3 Bb7
28. Rxh7+ 1-0

[Event "Europa ch s-16"]
[Site "Herceg Novi MNE"]
[Date "2008.09.15"]
[Round "1.41"]
[White "Klekowski, Maciej"]
[Black "Magnusson, Patrekur Maron"]
[Result "1-0"]
[WhiteElo "2197"]
[BlackElo "1872"]
[PlyCount "35"]
[EventDate "2008.09.15"]
[EventType "swiss"]
[EventRounds "9"]
[Source "lmi"]
[SourceDate "2008.09.15"]

1. c4 e5 2. Nc3 Nf6 3. d3 d5 4. cxd5 Nxd5 5. Nf3 Nc6 6. e4 Nb6 7. Be3 Bg4 8.
Be2 Qd7 9. Rc1 O-O-O 10. Bxb6 axb6 11. O-O Kb8 12. Nb5 f6 13. Qa4 Bxf3 14. Bxf3
Bc5 15. b4 Bxb4 16. Rxc6 Qxc6 17. Qa7+ Kc8 18. Bg4+ 1-0

[Event "Europa ch s-16"]
[Site "Herceg Novi MNE"]
[Date "2008.09.15"]
[Round "1.42"]
[White "Skrinjar, Matic"]
[Black "Janiashvili, Irakli"]
[Result "1-0"]
[WhiteElo "1867"]
[BlackElo "2192"]
[PlyCount "69"]
[EventDate "2008.09.15"]
[EventType "swiss"]
[EventRounds "9"]
[Source "lmi"]
[SourceDate "2008.09.15"]

1. e4 c5 2. c3 Nf6 3. e5 Nd5 4. Nf3 e6 5. Bc4 Nb6 6. Bb3 d5 7. exd6 Bxd6 8. Na3
Bd7 9. d4 Qc7 10. dxc5 Bxc5 11. Nc2 Nc6 12. Be3 Bxe3 13. Nxe3 O-O-O 14. Qe2 Be8
15. O-O g5 16. Nxg5 Na5 17. Bxe6+ Kb8 18. b4 Nc6 19. Bb3 Rg8 20. f4 h6 21. Ne4
Bd7 22. Nf6 Rg6 23. Nxd7+ Rxd7 24. Qf3 Rf6 25. a3 Rd3 26. Rac1 Qe7 27. Rfe1 Qd6
28. g3 Nd4 29. cxd4 Rxb3 30. Nf5 Qd7 31. Qxb3 Rxf5 32. Qe3 a5 33. Qe8+ Qxe8 34.
Rxe8+ Ka7 35. Rc5 1-0

[Event "Europa ch s-16"]
[Site "Herceg Novi MNE"]
[Date "2008.09.15"]
[Round "1.44"]
[White "Krstonijevic, Stjepan"]
[Black "Vardanian, Haik G"]
[Result "0-1"]
[WhiteElo "1860"]
[BlackElo "2177"]
[PlyCount "80"]
[EventDate "2008.09.15"]
[EventType "swiss"]
[EventRounds "9"]
[Source "lmi"]
[SourceDate "2008.09.15"]

1. d4 d5 2. c4 dxc4 3. Nf3 Nf6 4. e3 e6 5. Bxc4 a6 6. a4 c5 7. O-O Nc6 8. Qe2
cxd4 9. Rd1 Be7 10. exd4 O-O 11. Nc3 Nb4 12. Bg5 h6 13. Bh4 b6 14. Ne5 Bb7 15.
f3 Nbd5 16. Rac1 Qe8 17. b3 Nxc3 18. Rxc3 Nd5 19. Bxd5 Bxd5 20. Bxe7 Qxe7 21.
Rdc1 Qb4 22. Qe3 Rad8 23. Nd3 Qd6 24. Ne5 f6 25. Ng6 Rfe8 26. Rc7 Rd7 27. Rc8
Red8 28. Nf4 Bxb3 29. Qxb3 Qxd4+ 30. Kf1 Qxf4 31. Qxe6+ Kh7 32. Qxb6 Rd1+ 33.
Rxd1 Rxd1+ 34. Kf2 Qh4+ 35. Ke3 Qe1+ 36. Kf4 Qe5+ 37. Kg4 Qg5+ 38. Kh3 Qf5+ 39.
g4 Qxf3+ 40. Kh4 g5+ 0-1

[Event "Europa ch s-16"]
[Site "Herceg Novi MNE"]
[Date "2008.09.15"]
[Round "1.45"]
[White "Kaforos, Dimitrios-Alkis"]
[Black "Zecevic, Ivan"]
[Result "1-0"]
[WhiteElo "2173"]
[BlackElo "1853"]
[PlyCount "45"]
[EventDate "2008.09.15"]
[EventType "swiss"]
[EventRounds "9"]
[Source "lmi"]
[SourceDate "2008.09.15"]

1. e4 c5 2. Nf3 Nc6 3. d4 cxd4 4. Nxd4 Nf6 5. Nc3 d6 6. Bg5 e6 7. Qd2 Be7 8.
O-O-O Nxd4 9. Qxd4 O-O 10. f4 Qa5 11. Kb1 e5 12. Qd2 Bg4 13. Be2 Bxe2 14. Qxe2
exf4 15. Bxf4 Qb4 16. g4 Rac8 17. Bd2 Qc4 18. Qg2 b5 19. g5 b4 20. gxf6 Bxf6
21. Bh6 Bxc3 22. bxc3 Qxc3 23. Rhg1 1-0

[Event "Europa ch s-16"]
[Site "Herceg Novi MNE"]
[Date "2008.09.15"]
[Round "1.46"]
[White "Potpara, Nikola"]
[Black "Khachykian, Shant"]
[Result "0-1"]
[WhiteElo "1833"]
[BlackElo "2173"]
[PlyCount "64"]
[EventDate "2008.09.15"]
[EventType "swiss"]
[EventRounds "9"]
[Source "lmi"]
[SourceDate "2008.09.15"]

1. d4 d5 2. c4 e6 3. Nc3 c6 4. Nf3 dxc4 5. e3 b5 6. a4 Bb4 7. Be2 Bb7 8. O-O a6
9. Qc2 Nd7 10. Ne5 Ngf6 11. f4 O-O 12. Bf3 Qb6 13. Ne4 c5 14. Nxd7 Nxd7 15. Ng5
Nf6 16. Bxb7 Qxb7 17. dxc5 Bxc5 18. b4 Bxb4 19. Rb1 a5 20. axb5 h6 21. Nf3 Qxb5
22. e4 Qc5+ 23. Kh1 c3 24. e5 Nd5 25. f5 exf5 26. Qxf5 Ne3 27. Bxe3 Qxe3 28. g4
g6 29. Qc2 Rad8 30. Rbe1 Qd3 31. Qc1 c2 32. Re3 Qd1 0-1

[Event "Europa ch s-16"]
[Site "Herceg Novi MNE"]
[Date "2008.09.15"]
[Round "1.47"]
[White "Petrisor, Adrian-Marian"]
[Black "Kozel, Jan"]
[Result "1-0"]
[WhiteElo "2168"]
[BlackElo "1825"]
[PlyCount "51"]
[EventDate "2008.09.15"]
[EventType "swiss"]
[EventRounds "9"]
[Source "lmi"]
[SourceDate "2008.09.15"]

1. e4 e6 2. d4 d5 3. Nd2 Nf6 4. e5 Nfd7 5. Bd3 c5 6. c3 Nc6 7. Ne2 Qb6 8. Nf3
cxd4 9. cxd4 f6 10. exf6 Nxf6 11. O-O Bd6 12. Re1 O-O 13. Ng3 Bd7 14. b3 Rae8
15. Be3 Qd8 16. Rc1 Qb8 17. Bb1 Kh8 18. Ng5 g6 19. Qc2 Nb4 20. Qe2 a6 21. Qd1
Bf4 22. Rc3 e5 23. Bxf4 exf4 24. Nf1 Bb5 25. Rh3 Qc7 26. Bxg6 1-0

[Event "Europa ch s-16"]
[Site "Herceg Novi MNE"]
[Date "2008.09.15"]
[Round "1.51"]
[White "Nijs, Nils"]
[Black "Santos, Hugo Lima"]
[Result "1-0"]
[WhiteElo "2150"]
[BlackElo "1672"]
[PlyCount "63"]
[EventDate "2008.09.15"]
[EventType "swiss"]
[EventRounds "9"]
[Source "lmi"]
[SourceDate "2008.09.15"]

1. d4 e6 2. c4 f5 3. Nc3 Nf6 4. Qc2 Bb4 5. Bd2 O-O 6. e3 b6 7. Bd3 Bb7 8. f3 c5
9. a3 Bxc3 10. Bxc3 cxd4 11. exd4 d5 12. b3 Nc6 13. Ne2 Qc7 14. O-O g6 15. Rfe1
e5 16. cxd5 Nxd4 17. Nxd4 exd4 18. Bxd4 Qxc2 19. Bxc2 Nxd5 20. b4 Rfe8 21. Red1
Kf8 22. Bb3 Rad8 23. Rac1 Nf4 24. Bc4 Rc8 25. Kf2 Bd5 26. Bb5 Red8 27. Bf6 Rxc1
28. Rxc1 Ra8 29. Rc7 Bf7 30. Bc6 Nd5 31. Rxf7+ Kxf7 32. Bxd5+ 1-0

[Event "Europa ch s-16"]
[Site "Herceg Novi MNE"]
[Date "2008.09.16"]
[Round "2.1"]
[White "Yilmazyerli, Mert"]
[Black "Prohaszka, Peter"]
[Result "0-1"]
[WhiteElo "2207"]
[BlackElo "2509"]
[PlyCount "50"]
[EventDate "2008.09.15"]
[EventType "swiss"]
[EventRounds "9"]
[Source "lmi"]
[SourceDate "2008.09.15"]

1. e4 c6 2. d4 d5 3. e5 Bf5 4. Nd2 e6 5. Nb3 Nd7 6. Nf3 Ne7 7. Be2 Nc8 8. O-O
Be7 9. Ne1 Bg6 10. f4 h5 11. c3 Ncb6 12. Na5 Qc7 13. b4 c5 14. bxc5 Nxc5 15.
Bb5+ Nbd7 16. Nb3 Ne4 17. Bb2 a6 18. Bd3 Bf5 19. Nc2 Nb6 20. Ne3 Na4 21. Qc2 b5
22. Rac1 Rc8 23. Rfe1 g6 24. Nd1 Qb6 25. Nd2 Nexc3 0-1

[Event "Europa ch s-16"]
[Site "Herceg Novi MNE"]
[Date "2008.09.16"]
[Round "2.2"]
[White "Ter-Sahakyan, Samvel"]
[Black "Klekowski, Maciej"]
[Result "1-0"]
[WhiteElo "2480"]
[BlackElo "2197"]
[PlyCount "77"]
[EventDate "2008.09.15"]
[EventType "swiss"]
[EventRounds "9"]
[Source "lmi"]
[SourceDate "2008.09.15"]

1. e4 c5 2. Nf3 Nc6 3. d4 cxd4 4. Nxd4 Nf6 5. Nc3 e5 6. Ndb5 d6 7. Bg5 a6 8.
Na3 b5 9. Nd5 Be7 10. Bxf6 Bxf6 11. c3 Bg5 12. Nc2 Ne7 13. Ncb4 O-O 14. a4 Nxd5
15. Nxd5 Rb8 16. axb5 axb5 17. Qb3 Be6 18. Be2 Kh8 19. O-O f5 20. exf5 Bxf5 21.
Qb4 Qd7 22. Ra6 Rfd8 23. Bf3 Bd3 24. Rd1 Qf5 25. h4 e4 26. Rxd3 exf3 27. Qd4
Bxh4 28. Ra7 Rg8 29. Rxf3 Qb1+ 30. Kh2 Bg5 31. Rg3 Bh6 32. Rh3 Bg5 33. f4 Rbe8
34. fxg5 Re1 35. Re7 Rh1+ 36. Kg3 Rd1 37. Rxh7+ Kxh7 38. Qh4+ Kg6 39. Nf4+ 1-0

[Event "Europa ch s-16"]
[Site "Herceg Novi MNE"]
[Date "2008.09.16"]
[Round "2.3"]
[White "Herrera Delgado, Alejandro"]
[Black "Heimann, Andreas"]
[Result "1/2-1/2"]
[WhiteElo "2204"]
[BlackElo "2433"]
[PlyCount "87"]
[EventDate "2008.09.15"]
[EventType "swiss"]
[EventRounds "9"]
[Source "lmi"]
[SourceDate "2008.09.15"]

1. e4 c5 2. Nf3 e6 3. Nc3 a6 4. d4 cxd4 5. Nxd4 Qc7 6. Be2 Nc6 7. O-O Nf6 8.
Be3 Bb4 9. Na4 Be7 10. Nxc6 bxc6 11. Nb6 Rb8 12. Nxc8 Qxc8 13. Bd4 c5 14. Be5
Rb6 15. Qd3 d6 16. Bc3 O-O 17. b3 d5 18. exd5 Nxd5 19. Be5 Rd8 20. Qg3 Bf6 21.
Bxf6 Nxf6 22. Rfd1 Rd5 23. Bc4 Rd7 24. Qe5 h6 25. h3 Qc6 26. Rxd7 Nxd7 27. Qe2
Nf6 28. a4 Qc8 29. Rd1 Ne8 30. Qe5 Kf8 31. Be2 Ke7 32. f4 Qc7 33. a5 Rc6 34.
Bf3 Rd6 35. Rxd6 Qxd6 36. Be2 Nc7 37. Kf2 f6 38. Qxd6+ Kxd6 39. Kf3 f5 40. h4
Kd5 41. Ke3 Kd6 42. Kf3 Kd5 43. Ke3 Kd6 44. h5 1/2-1/2

[Event "Europa ch s-16"]
[Site "Herceg Novi MNE"]
[Date "2008.09.16"]
[Round "2.4"]
[White "Nyzhnyk, Illya"]
[Black "Matveev, Vladimir"]
[Result "1-0"]
[WhiteElo "2428"]
[BlackElo "2187"]
[PlyCount "73"]
[EventDate "2008.09.15"]
[EventType "swiss"]
[EventRounds "9"]
[Source "lmi"]
[SourceDate "2008.09.15"]

1. d4 Nf6 2. c4 g6 3. Nc3 Bg7 4. Bg5 O-O 5. Nf3 d6 6. e3 Nbd7 7. h3 c6 8. Be2
Qc7 9. O-O e5 10. Bh4 Re8 11. Bg3 exd4 12. exd4 Nh5 13. Bh2 Bh6 14. Nd2 Nf4 15.
Bf3 f5 16. Ne2 Nxe2+ 17. Bxe2 f4 18. Bd3 Nf6 19. Nf3 Be6 20. Qd2 Qf7 21. b3 g5
22. Rae1 Qh5 23. h4 g4 24. Bxf4 gxf3 25. Bxh6 fxg2 26. Kxg2 Qg4+ 27. Kh2 Qxh4+
28. Kg1 Kh8 29. Bg5 Qg4+ 30. Kh2 Qh5+ 31. Kg1 Ng4 32. f3 Rg8 33. f4 Bf7 34. Qg2
h6 35. Bf5 hxg5 36. Bxg4 Qh4 37. Re3 1-0